Exploring relationships between rubber productivity and R&D in Malaysia (Record no. 59150)

MARC details
000 -LEADER
fixed length control field 00420nam a2200145Ia 4500
100 ## - MAIN ENTRY--AUTHOR NAME
Personal name Abdulla I
245 #0 - TITLE STATEMENT
Title Exploring relationships between rubber productivity and R&D in Malaysia
260 ## - PUBLICATION, DISTRIBUTION, ETC. (IMPRINT)
Name of publisher Outlook on Agriculture
Year of publication 2017
650 ## - SUBJECT ADDED ENTRY--TOPICAL TERM
Topical Term Malaysia
650 ## - SUBJECT ADDED ENTRY--TOPICAL TERM
Topical Term Rubber productivity
700 ## - ADDED ENTRY--PERSONAL NAME
Personal name Fatimah Mohamed Arshad
856 ## - ELECTRONIC LOCATION AND ACCESS
Uniform Resource Identifier Online. Abst only
942 ## - ADDED ENTRY ELEMENTS (KOHA)
Koha item type Journals
Holdings
Withdrawn status Lost status Damaged status Not for loan Home library Current library Shelving location Date acquired Serial Enumeration / chronology Koha item type
      Journals RRII Library RRII Library Economics 17/12/2021 Volume 46, Issue 1 Journals